Densely Populated Countries (Camels) Quiz Stats

 Plays Quiz not verified by Sporcle

Challenge
Share
Tweet
Embed
Score 0/21 Timer 03:00
0 Plays Today
heads per sqkm country % Correct
2.3Ethiopia
90.7%
1.6Sudan
89.9%
11.5Somalia
86.8%
0.5Chad
86.8%
0.5Mali
86%
0.3Oman
83.7%
2.9United Arab Emirates
82.2%
1.2Niger
82.2%
1.4Tunisia
81.4%
3.1Djibouti
80.6%
0.6Yemen
80.6%
heads per sqkm country % Correct
1.5Mauritania
79.1%
0.7Eritrea
79.1%
0.2Kuwait
76%
1.1Qatar
75.2%
1.6Kenya
74.4%
1.2Bahrain
73.6%
0.2Israel
72.1%
0.9Pakistan
70.5%
0.2India
67.4%
0.2Afghanistan
65.1%

You're not logged in!

Compare scores with friends on all Sporcle quizzes.
Join for Free
OR
Log In

You Might Also Like...

Show Comments

Extras

Top Quizzes Today


Score Distribution

Your Account Isn't Verified!

In order to create a playlist on Sporcle, you need to verify the email address you used during registration. Go to your Sporcle Settings to finish the process.

Report this User

Report this user for behavior that violates our Community Guidelines.

Details: